| 000 | 00000nam##2200000za#4500 |
| 001 | 9.681216 |
| 003 | CaOODSP |
| 005 | 20200330070245 |
| 007 | ta |
| 008 | 150407|2000||||xxc||||| f|0| 0 fre|d |
| 020 | |a0-662-84945-0 |
| 040 | |aCaOODSP|bfre |
| 043 | |an-cn--- |
| 086 | 1 |aE94-153/2000F |
| 110 | 1 |aCanada.|bAgence canadienne de développement international. |
| 245 | 10|aGuide du Programme de coopération industrielle |
| 260 | |aOttawa - Ontario : |bAgence canadienne de développement international |c2000. |
| 300 | |a16p. ; |c28 cm. |
| 500 | |a«Ce guide s'adresse aux exploitants d'entreprises canadiennes désireux de travailler dans un pays en développement. Il vous aidera à déterminer si vous pouvez demander un soutien en vertu du Programme de coopération industrielle (PCI) de l'ACDI.»--Page 2. |
| 520 | 3 |aCe guide s'adresse aux exploitants d'entreprises canadiennes désireux de travailler dans un pays en développement. Il vous aidera à déterminer si vous pouvez demander un soutien en vertu du Programme de coopération industrielle (PCI) de l'ACDI.--Page 2 |
| 563 | |aCouverture souple |
| 590 | |a00-38|b2000-09-22 |
| 691 | 07|aDéveloppement international|2gcpds |
| 691 | 07|aProgramme d'aide|2gcpds |
| 775 | 08|tYour guide to the Industrial Cooperation Program |w(CaOODSP)9.647836 |
| 776 | 0#|tGuide du Programme de coopération industrielle |w(CaOODSP)9.640321 |